| 000 | 00671nam a2200265Ia 4500 | ||
|---|---|---|---|
| 008 | 190123s9999 xx 000 0 und d | ||
| 020 | _a9780545414531 | ||
| 050 | _bD626 2012 | ||
| 100 | _aD'Lacey, Chris | ||
| 245 | 0 | _aRain & fire / | |
| 245 | 0 | _cby Chris D'Lacey and Jay D'Lacey. | |
| 250 | _aFirst edition. | ||
| 260 | _aNew York, New York : | ||
| 260 | _bScholastic, | ||
| 260 | _c2012 | ||
| 300 | _a282 pages : | ||
| 300 | _bcolored illustrations ; | ||
| 300 | _c22cm. | ||
| 500 | _a1040L | ||
| 650 | _aFantasy fiction. | ||
| 650 | _aHistory and critisism. | ||
| 650 | _aLast dragon chronicles. | ||
| 700 | _aD'Lacey, Jay. | ||
| 700 | _aTitle. | ||
| 999 |
_c361244 _d361244 |
||